Corporitual (Record no. 156207)

MARC details
000 -LEADER
fixed length control field 00690nam a22002177a 4500
006 - FIXED-LENGTH DATA ELEMENTS--ADDITIONAL MATERIAL CHARACTERISTICS--GENERAL INFORMATION
fixed length control field a|||||f|||| 00| 0
007 - PHYSICAL DESCRIPTION FIXED FIELD--GENERAL INFORMATION
fixed length control field tc
008 - FIXED-LENGTH DATA ELEMENTS--GENERAL INFORMATION
fixed length control field 180713b xxu|||||f|||| 00| 0 eng d
010 ## - LCCN (DPL NO)
LC control number BR-000506- BR-000507
020 ## - INTERNATIONAL STANDARD BOOK NUMBER
Terms of availability 05.00
035 ## - SYSTEM CONTROL NUMBER
System control number BR-000506
037 ## - SOURCE OF ACQUISITION
Source of stock number/acquisition A.I.C.B.
082 ## - DEWEY DECIMAL CLASSIFICATION NUMBER
Classification number 360
100 ## - MAIN ENTRY--PERSONAL NAME
Personal name Bhowmik, Raj
245 ## - TITLE STATEMENT
Title Corporitual
Statement of responsibility, etc by Raj Bhowmik
260 ## - PUBLICATION, DISTRIBUTION, ETC. (IMPRINT)
Place of publication, distribution, etc New Delhi
Name of publisher, distributor, etc A.I.C.B.
Date of publication, distribution, etc N.D.
270 ## - ADDRESS
Address Sector-5, Rohini,
City New Delhi
Postal code 110085
300 ## - PHYSICAL DESCRIPTION
Extent 2v., various pages
Dimensions 30cm(HB)
942 ## - ADDED ENTRY ELEMENTS (KOHA)
Source of classification or shelving scheme Dewey Decimal Classification
Item type Braille-Books-English
Classification part 360
Call number suffix BHO
Holdings
Withdrawn status Lost status Materials specified (bound volume or other part) Not for loan Collection code Home library Current library Date acquired Source of acquisition Cost, normal purchase price Full call number Barcode Copy number Koha item type
    V.- 1   Non-fiction Braille-Library Braille-Library 21/10/2010 899/21.10.10 5.00 360 BHO BR-000506 1 Braille-Books-English
    V.- 2   Non-fiction Braille-Library Braille-Library 21/10/2010 899/21.10.10 5.00 360 BHO BR-000507 1 Braille-Books-English

© Delhi Public Library
Hit Counter
free hit counter